[Event "Ct. Girona indiv. Absolut"]
[Site "Sant Gregori/Girona/Blanes"]
[Date "2014.10.05"]
[Round "1"]
[White "Mogro Flores, S."]
[Black "Gratacos Font, A."]
[Result "1-0"]
[WhiteElo "2159"]
[BlackElo "1849"]
[PlyCount "57"]
[EventDate "2014.??.??"]
[EventType "swiss"]
[EventRounds "9"]
[EventCountry "ESP"]

1. e4 e6 2. Nf3 d5 3. exd5 exd5 4. d4 Nf6 5. Bg5 Bg4 6. Qe2+ Be6 7. Qb5+ Nbd7
8. Qxb7 Be7 9. b3 Bf5 10. Qc6 O-O 11. Be2 Rb8 12. a3 Re8 13. Bf4 Bd6 14. Be3
Rb6 15. Qc3 Ne4 16. Qb2 c5 17. O-O Qc7 18. dxc5 Bxc5 19. Bxc5 Ndxc5 20. Nd4 Bg6
21. Nc3 Nf6 22. Bf3 Rd8 23. Rad1 Rbd6 24. Nce2 Nce4 25. Bxe4 Nxe4 26. f3 Ng5
27. Nf4 h6 28. h4 Nh7 29. h5 1-0

[Event "Ct. Girona indiv. Absolut"]
[Site "Sant Gregori/Girona/Blanes"]
[Date "2014.10.05"]
[Round "1"]
[White "Molina Carretero, D."]
[Black "De Rodriguez Fernandez, B."]
[Result "1-0"]
[WhiteElo "2217"]
[BlackElo "1874"]
[PlyCount "58"]
[EventDate "2014.??.??"]
[EventType "swiss"]
[EventRounds "9"]
[EventCountry "ESP"]

1. e4 e5 2. Nf3 Nf6 3. Nxe5 d6 4. Nf3 Nxe4 5. Nc3 Nxc3 6. dxc3 Be7 7. Be3 O-O
8. Qd2 Be6 9. Nd4 Bd7 10. O-O-O c5 11. Nf3 b5 12. Kb1 a5 13. Bf4 b4 14. Bxd6
bxc3 15. Bxe7 Qxe7 16. Qxc3 Nc6 17. Bc4 Rfb8 18. Rhe1 Qd8 19. Ne5 Nxe5 20. Rxe5
Ra7 21. Rxc5 Rab7 22. b3 a4 23. Rcd5 Rc7 24. Qd4 Rbb7 25. Ba6 axb3 26. axb3 Ra7
27. Bb5 Qb8 28. Bxd7 Ra2 29. Ba4 Qxb3+ 1-0

[Event "Ct. Girona indiv. Absolut"]
[Site "Sant Gregori/Girona/Blanes"]
[Date "2014.10.05"]
[Round "1"]
[White "Pinsach Gelabert, A."]
[Black "Torres Camps, A."]
[Result "1-0"]
[WhiteElo "2302"]
[BlackElo "1893"]
[PlyCount "92"]
[EventDate "2014.??.??"]
[EventType "swiss"]
[EventRounds "9"]
[EventCountry "ESP"]

1. e4 c6 2. Nf3 d5 3. Nc3 Bg4 4. h3 Bxf3 5. Qxf3 dxe4 6. Nxe4 Nd7 7. Ng5 Ngf6
8. Qb3 e6 9. Qxb7 Qc8 10. Ba6 Qxb7 11. Bxb7 Rb8 12. Bxc6 Be7 13. d4 O-O 14. c4
Bb4+ 15. Ke2 h6 16. Ne4 Rbc8 17. Bxd7 Nxd7 18. c5 Rfd8 19. Nd6 Rc7 20. a3 Bxc5
21. dxc5 Nxc5 22. Nb5 Rcd7 23. Be3 Nb3 24. Rad1 a6 25. Nc3 Kf8 26. Rxd7 Rxd7
27. Rd1 Rc7 28. Rd6 a5 29. Rb6 Nc5 30. Bxc5+ Rxc5 31. Rb5 Rxb5 32. Nxb5 Ke7 33.
Kd3 Kd7 34. Kc4 Kc6 35. b4 axb4 36. axb4 Kb6 37. Nc3 f6 38. Na4+ Kc6 39. b5+
Kc7 40. b6+ Kc6 41. Kb4 e5 42. Ka5 Kb7 43. Nc5+ Kc6 44. Ka6 f5 45. Ne6 g6 46.
b7 e4 1-0

[Event "Ct. Girona indiv. Absolut"]
[Site "Sant Gregori/Girona/Blanes"]
[Date "2014.10.05"]
[Round "1"]
[White "Rodriguez Navarro, I."]
[Black "Vilar Lopez, M."]
[Result "0-1"]
[WhiteElo "1878"]
[BlackElo "2220"]
[PlyCount "64"]
[EventDate "2014.??.??"]
[EventType "swiss"]
[EventRounds "9"]
[EventCountry "ESP"]

1. d4 d5 2. Bf4 Nf6 3. Nf3 e6 4. e3 Bd6 5. Bb5+ c6 6. Bxd6 Qxd6 7. Bd3 O-O 8.
O-O c5 9. c3 Nc6 10. Nbd2 e5 11. dxe5 Nxe5 12. Nxe5 Qxe5 13. Nf3 Qc7 14. h3 b6
15. Qc2 Bb7 16. Nd2 Rfe8 17. Rfe1 Re7 18. b3 a6 19. c4 dxc4 20. Bxc4 Qc6 21.
Nf3 Ne4 22. Rad1 Nf6 23. Rd2 b5 24. Bf1 Rae8 25. Rc1 Ne4 26. Rdd1 Re6 27. Bd3
Ng5 28. Be2 Rg6 29. Kh2 Qc7+ 30. Kh1 Nxf3 31. Bxf3 Bxf3 32. gxf3 Qc8 0-1

[Event "Ct. Girona indiv. Absolut"]
[Site "Sant Gregori/Girona/Blanes"]
[Date "2014.10.05"]
[Round "1"]
[White "Ruiz De Morales Cespedes, J."]
[Black "Serra Canals, O."]
[Result "0-1"]
[WhiteElo "1851"]
[BlackElo "2168"]
[PlyCount "142"]
[EventDate "2014.??.??"]
[EventType "swiss"]
[EventRounds "9"]
[EventCountry "ESP"]

1. e4 e6 2. d4 d5 3. e5 c5 4. c3 Qb6 5. Nf3 Bd7 6. a3 cxd4 7. cxd4 Bb5 8. Bxb5+
Qxb5 9. Nc3 Qa6 10. Qa4+ Qxa4 11. Nxa4 Ne7 12. O-O Nec6 13. b4 Nd7 14. Nc5 Bxc5
15. bxc5 Na5 16. Be3 b6 17. cxb6 Nxb6 18. Nd2 Kd7 19. Rfb1 Rhc8 20. Nb3 Nxb3
21. Rxb3 Rc2 22. Rc1 Rac8 23. Rxc2 Rxc2 24. Kf1 Kc7 25. Rb5 Nc4 26. Ke1 Rc3 27.
Rc5+ Kd7 28. a4 Rc2 29. Rb5 Kc7 30. Rc5+ Kd7 31. Rb5 Rb2 32. Rc5 a6 33. g4 Rc2
34. Bd2 Rxd2 35. Rxc4 Rxf2 36. Kxf2 dxc4 37. Ke2 Kc6 38. Kd2 g5 39. Kc3 Kd5 40.
a5 Ke4 41. Kxc4 Kf4 42. h3 Kg3 43. Kc5 Kxh3 44. Kb6 Kxg4 45. Kxa6 Kh3 46. Kb6
g4 47. a6 g3 48. a7 g2 49. a8=Q g1=Q 50. Qa3+ Kg4 51. Qd3 Qf2 52. Qe4+ Kg5 53.
Kc7 h5 54. Qh7 Qxd4 55. Qg7+ Kf5 56. Qxf7+ Ke4 57. Qh7+ Kd5 58. Qd7+ Kxe5 59.
Qb5+ Kf6 60. Qf1+ Ke7 61. Qh3 Qc4+ 62. Kb6 Qb4+ 63. Kc7 h4 64. Qg2 Qc5+ 65. Kb8
Qb6+ 66. Ka8 Qd8+ 67. Ka7 Qd7+ 68. Kb6 Qd6+ 69. Ka7 Qa3+ 70. Kb6 Qb3+ 71. Kc7
Qg3+ 0-1

[Event "Ct. Girona indiv. Absolut"]
[Site "Sant Gregori/Girona/Blanes"]
[Date "2014.10.05"]
[Round "1"]
[White "Salagran Ferragut, G."]
[Black "Jorda Ottens, M."]
[Result "1-0"]
[WhiteElo "2168"]
[BlackElo "1855"]
[PlyCount "63"]
[EventDate "2014.??.??"]
[EventType "swiss"]
[EventRounds "9"]
[EventCountry "ESP"]

1. e4 c5 2. Nf3 d6 3. d4 cxd4 4. Qxd4 Nc6 5. Bb5 Bd7 6. Bxc6 Bxc6 7. Nc3 e5 8.
Qd3 Nf6 9. Bg5 Be7 10. O-O-O Qd7 11. Bxf6 gxf6 12. Nh4 O-O-O 13. Nf5 Kb8 14.
Nd5 Bxd5 15. Qxd5 Bf8 16. Rd3 Qe6 17. Rhd1 Qxd5 18. Rxd5 Rg8 19. g3 Kc7 20. c4
b6 21. b4 Kc6 22. c5 bxc5 23. bxc5 Rd7 24. cxd6 Rg6 25. R1d3 Bh6+ 26. Kc2 Bf8
27. Rc3+ Kb6 28. a4 a5 29. Rb5+ Ka6 30. Rc6+ Ka7 31. Rc7+ Rxc7+ 32. dxc7 1-0

[Event "Ct. Girona indiv. Absolut"]
[Site "Sant Gregori/Girona/Blanes"]
[Date "2014.10.05"]
[Round "1"]
[White "Vidal Zamora, A."]
[Black "Torrent Lagresa, JM."]
[Result "1-0"]
[WhiteElo "2391"]
[BlackElo "1904"]
[PlyCount "99"]
[EventDate "2014.??.??"]
[EventType "swiss"]
[EventRounds "9"]
[EventCountry "ESP"]

1. c4 e5 2. e3 Nf6 3. a3 a5 4. Qc2 Nc6 5. Nc3 g6 6. Nf3 d6 7. d4 exd4 8. exd4
Bg7 9. Be2 O-O 10. O-O Bg4 11. Be3 Re8 12. h3 Bf5 13. Qb3 Qd7 14. Nh2 Ne4 15.
Rfd1 h5 16. Nxe4 Bxe4 17. Nf1 Ne7 18. Ng3 Nf5 19. Nxe4 Rxe4 20. Qxb7 Rae8 21.
Bf3 Nxe3 22. fxe3 Rxe3 23. Bc6 Qc8 24. Qb5 R8e7 25. Qxa5 Qe6 26. Qd5 Qf6 27. a4
Re2 28. Qf3 Qh4 29. Rf1 Bxd4+ 30. Kh1 R2e3 31. Qf4 Qxf4 32. Rxf4 Re1+ 33. Rf1
Rxf1+ 34. Rxf1 Bxb2 35. a5 Bd4 36. a6 Re2 37. Bd5 Rf2 38. Rd1 Bb6 39. Rb1 Re2
40. Rxb6 cxb6 41. a7 Re8 42. a8=Q Rxa8 43. Bxa8 Kf8 44. Kh2 Ke7 45. Kg3 Kf6 46.
Kf4 g5+ 47. Ke4 g4 48. h4 Kg6 49. Kf4 f5 50. Bc6 1-0

[Event "Ct. Girona indiv. Absolut"]
[Site "Sant Gregori/Girona/Blanes"]
[Date "2014.10.12"]
[Round "2"]
[White "Balague Camps, M."]
[Black "Alejo Alvarez, MA."]
[Result "1-0"]
[WhiteElo "2207"]
[BlackElo "1956"]
[PlyCount "69"]
[EventDate "2014.??.??"]
[EventType "swiss"]
[EventRounds "9"]
[EventCountry "ESP"]

1. Nf3 Nf6 2. c4 e6 3. e3 c5 4. Be2 Nc6 5. O-O Be7 6. b3 O-O 7. Bb2 d5 8. d4 b6
9. Nbd2 Bb7 10. Qc2 Bd6 11. Ne5 Rc8 12. Rad1 Qc7 13. Ndf3 Ne4 14. Qb1 f6 15.
cxd5 exd5 16. Nxc6 Bxc6 17. h3 Rfd8 18. Nd2 Qe7 19. Bd3 Bb7 20. dxc5 Bxc5 21.
Nf3 Bb4 22. Nd4 Bc3 23. Bxc3 Rxc3 24. Rfe1 g6 25. Qb2 Rdc8 26. Rc1 Rxc1 27.
Rxc1 Nc5 28. Be2 Qe5 29. Qa3 Ra8 30. Qb4 f5 31. Nf3 Qb2 32. Rxc5 Qxe2 33. Rc7
Rc8 34. Rxb7 Rc1+ 35. Kh2 1-0

[Event "Ct. Girona indiv. Absolut"]
[Site "Sant Gregori/Girona/Blanes"]
[Date "2014.10.12"]
[Round "2"]
[White "Bonavia Heredia, F."]
[Black "Molina Carretero, D."]
[Result "0-1"]
[WhiteElo "1958"]
[BlackElo "2217"]
[PlyCount "66"]
[EventDate "2014.??.??"]
[EventType "swiss"]
[EventRounds "9"]
[EventCountry "ESP"]

1. d4 Nf6 2. c4 c5 3. d5 b5 4. e3 e6 5. dxe6 fxe6 6. cxb5 d5 7. Nf3 Bd6 8. Nc3
O-O 9. Bd3 Bb7 10. Qc2 Nbd7 11. a4 Qe7 12. Ng5 h6 13. Nh7 Nxh7 14. Bxh7+ Kh8
15. Bd3 Rf6 16. f4 e5 17. O-O e4 18. Be2 d4 19. exd4 cxd4 20. Nd1 Rc8 21. Bc4
e3 22. g3 Nb6 23. b3 Be4 24. Qe2 Nxc4 25. bxc4 d3 26. Qg4 Bf5 27. Qf3 e2 28.
Re1 Bc5+ 29. Nf2 Rd8 30. Bd2 Be4 31. Qg4 Ba8 32. h4 Qe4 33. Qh3 Rg6 0-1

[Event "Ct. Girona indiv. Absolut"]
[Site "Sant Gregori/Girona/Blanes"]
[Date "2014.10.12"]
[Round "2"]
[White "Caballero Maytin, J."]
[Black "Massaguer Soles, F."]
[Result "1-0"]
[WhiteElo "2148"]
[BlackElo "1926"]
[PlyCount "69"]
[EventDate "2014.??.??"]
[EventType "swiss"]
[EventRounds "9"]
[EventCountry "ESP"]

1. e4 e5 2. d4 d6 3. Nf3 Bg4 4. dxe5 Nc6 5. exd6 Bxd6 6. Be2 Nf6 7. Bg5 Be7 8.
Nc3 a6 9. O-O O-O 10. e5 Nxe5 11. Nxe5 Qxd1 12. Bxd1 Bxd1 13. Raxd1 h6 14. Bxf6
gxf6 15. Nd7 Rfd8 16. Rfe1 Bd6 17. Nxf6+ Kg7 18. Nh5+ Kg6 19. Ng3 Bb4 20. a3
Bxc3 21. bxc3 Rxd1 22. Rxd1 Re8 23. Kf1 Re7 24. h4 Re5 25. Rd4 Ra5 26. h5+ Kg7
27. a4 Rc5 28. Rg4+ Kf8 29. Ne2 Rxh5 30. Rc4 c5 31. Ng3 Re5 32. a5 Kg7 33. Ne4
Re6 34. Nxc5 Rc6 35. Rg4+ 1-0

[Event "Ct. Girona indiv. Absolut"]
[Site "Sant Gregori/Girona/Blanes"]
[Date "2014.10.12"]
[Round "2"]
[White "Castillo Fernandez, C."]
[Black "Casellas Ferrer, JJ."]
[Result "1-0"]
[WhiteElo "2243"]
[BlackElo "1974"]
[PlyCount "56"]
[EventDate "2014.??.??"]
[EventType "swiss"]
[EventRounds "9"]
[EventCountry "ESP"]

1. Nf3 Nf6 2. g3 g6 3. Bg2 Bg7 4. O-O O-O 5. c4 d6 6. Nc3 Nc6 7. d4 a6 8. h3 e5
9. dxe5 Nxe5 10. Nxe5 dxe5 11. Qxd8 Rxd8 12. Bg5 Re8 13. Rfd1 c6 14. Na4 Be6
15. b3 Rad8 16. Nc5 Bc8 17. Rxd8 Rxd8 18. Ne4 Nxe4 19. Bxd8 Nc5 20. Rd1 Kf8 21.
Ba5 Ne6 22. Bc3 f5 23. Kf1 Ke7 24. e3 Bf6 25. f4 e4 26. Bxf6+ Kxf6 27. Ke1 Ke7
28. Ke2 a5 1-0

[Event "Ct. Girona indiv. Absolut"]
[Site "Sant Gregori/Girona/Blanes"]
[Date "2014.10.12"]
[Round "2"]
[White "Domenech Plana, J."]
[Black "Genover Rodriguez, I."]
[Result "1-0"]
[WhiteElo "2315"]
[BlackElo "1976"]
[PlyCount "51"]
[EventDate "2014.??.??"]
[EventType "swiss"]
[EventRounds "9"]
[EventCountry "ESP"]

1. e4 c5 2. c4 Nc6 3. Nc3 d6 4. d3 g6 5. Be3 Bg7 6. h3 Nf6 7. g4 e5 8. Bg2 Be6
9. Nge2 O-O 10. Qd2 Re8 11. Ng3 Nd4 12. O-O a6 13. Bg5 b5 14. f4 b4 15. Nd5
Bxd5 16. cxd5 h6 17. fxe5 hxg5 18. exf6 Bxf6 19. Qf2 Kg7 20. e5 Bxe5 21. Qxf7+
Kh6 22. Be4 Rg8 23. Nf5+ gxf5 24. Rxf5 Qf8 25. Rf6+ Bxf6 26. Qh7# 1-0

[Event "Ct. Girona indiv. Absolut"]
[Site "Sant Gregori/Girona/Blanes"]
[Date "2014.10.12"]
[Round "2"]
[White "Estevez Montilla, F."]
[Black "Aymerich Verdaguer, E."]
[Result "0-1"]
[WhiteElo "1973"]
[BlackElo "2242"]
[PlyCount "30"]
[EventDate "2014.??.??"]
[EventType "swiss"]
[EventRounds "9"]
[EventCountry "ESP"]

1. e4 c5 2. Nf3 e6 3. d4 cxd4 4. Nxd4 Nc6 5. Be3 Qc7 6. Nc3 Nf6 7. Bd3 a6 8.
O-O Be7 9. f4 h5 10. h3 d6 11. Nxc6 bxc6 12. e5 dxe5 13. fxe5 Qxe5 14. Qf3 O-O
15. Qxc6 Qxe3+ 0-1

[Event "Ct. Girona indiv. Absolut"]
[Site "Sant Gregori/Girona/Blanes"]
[Date "2014.10.12"]
[Round "2"]
[White "Gallart Vila, J."]
[Black "Mogro Flores, S."]
[Result "0-1"]
[WhiteElo "1929"]
[BlackElo "2159"]
[PlyCount "42"]
[EventDate "2014.??.??"]
[EventType "swiss"]
[EventRounds "9"]
[EventCountry "ESP"]

1. d4 e6 2. c4 Nf6 3. Nc3 Bb4 4. Bg5 c5 5. Nf3 Bxc3+ 6. bxc3 Qa5 7. Qc2 cxd4 8.
Bxf6 gxf6 9. Nxd4 Nc6 10. Nb5 O-O 11. Rd1 d5 12. cxd5 Qxb5 13. e4 Qc5 14. dxc6
Qxc6 15. Rd3 Qxe4+ 16. Be2 Kh8 17. O-O Bd7 18. Bf3 Qg6 19. Bxb7 Rab8 20. Rb1
Rxb7 21. Rxb7 Bc6 0-1

[Event "Ct. Girona indiv. Absolut"]
[Site "Sant Gregori/Girona/Blanes"]
[Date "2014.10.12"]
[Round "2"]
[White "Palmero Castillo, M."]
[Black "Huici Bentue, D."]
[Result "0-1"]
[WhiteElo "1926"]
[BlackElo "2148"]
[PlyCount "47"]
[EventDate "2014.??.??"]
[EventType "swiss"]
[EventRounds "9"]
[EventCountry "ESP"]

1. Nf3 d5 2. d4 Nf6 3. Bf4 e6 4. e3 c5 5. c3 Nc6 6. Bd3 Be7 7. Nbd2 O-O 8. Ne5
Qb6 9. Rb1 Rd8 10. h4 cxd4 11. exd4 Nxe5 12. Bxe5 Bd7 13. g4 Bb5 14. Bc2 Qa6
15. Bxf6 Bxf6 16. Nf3 e5 17. g5 exd4 18. gxf6 Re8+ 19. Kd2 Qxf6 20. Bd3 dxc3+
21. bxc3 Rac8 22. Qc2 Qf4+ 23. Kd1 Qxf3+ 24. Kc1 0-1

[Event "Ct. Girona indiv. Absolut"]
[Site "Sant Gregori/Girona/Blanes"]
[Date "2014.10.12"]
[Round "2"]
[White "Rovira Vila, J."]
[Black "Diaz Muñoz, S."]
[Result "0-1"]
[WhiteElo "1949"]
[BlackElo "2172"]
[PlyCount "72"]
[EventDate "2014.??.??"]
[EventType "swiss"]
[EventRounds "9"]
[EventCountry "ESP"]

1. e4 c5 2. Nf3 e6 3. d4 cxd4 4. Nxd4 Nc6 5. Nc3 Qc7 6. Be3 a6 7. Qd2 Bb4 8. a3
Bxc3 9. Qxc3 Nf6 10. f3 O-O 11. O-O-O d5 12. Nxc6 bxc6 13. Bc5 Rd8 14. e5 Nd7
15. Bd6 Qb6 16. Qb3 Qxb3 17. cxb3 f6 18. f4 Kf7 19. g3 a5 20. Kb1 Bb7 21. Bg2
Rdc8 22. Rc1 c5 23. Rhd1 a4 24. bxa4 Rxa4 25. Re1 Ba6 26. Bh3 Bd3+ 27. Ka1 Be4
28. f5 exf5 29. exf6 Kxf6 30. g4 Rc6 31. Bg3 g6 32. gxf5 gxf5 33. Rf1 Ne5 34.
Rxf5+ Bxf5 35. Rf1 Ng4 36. Bh4+ Kg6 0-1

[Event "Ct. Girona indiv. Absolut"]
[Site "Sant Gregori/Girona/Blanes"]
[Date "2014.10.12"]
[Round "2"]
[White "Ruiz Planas, A."]
[Black "Pinsach Gelabert, A."]
[Result "0-1"]
[WhiteElo "1975"]
[BlackElo "2302"]
[PlyCount "40"]
[EventDate "2014.??.??"]
[EventType "swiss"]
[EventRounds "9"]
[EventCountry "ESP"]

1. e4 e5 2. Nf3 Nc6 3. Bb5 f5 4. Bxc6 dxc6 5. exf5 e4 6. Qe2 Qe7 7. Nd4 Nh6 8.
Ne6 Nxf5 9. Nxf8 Rxf8 10. O-O Nd4 11. Qc4 c5 12. Na3 Be6 13. Qa4+ Bd7 14. Qc4
b5 15. Qd5 c6 16. Qh5+ g6 17. Qd1 Qh4 18. d3 Bg4 19. Qe1 Nf3+ 20. gxf3 Bxf3 0-1

[Event "Ct. Girona indiv. Absolut"]
[Site "Sant Gregori/Girona/Blanes"]
[Date "2014.10.12"]
[Round "2"]
[White "Serra Canals, O."]
[Black "Ramirez Garcia, L."]
[Result "0-1"]
[WhiteElo "2168"]
[BlackElo "1931"]
[PlyCount "80"]
[EventDate "2014.??.??"]
[EventType "swiss"]
[EventRounds "9"]
[EventCountry "ESP"]

1. d4 Nf6 2. c4 g6 3. Nc3 d5 4. cxd5 Nxd5 5. e4 Nxc3 6. bxc3 Bg7 7. Be3 c5 8.
Qd2 cxd4 9. cxd4 Nc6 10. Bb5 Bd7 11. Ne2 a6 12. Ba4 b5 13. Bb3 Qa5 14. Nc3 O-O
15. O-O Rfd8 16. Rfc1 Qb4 17. Rab1 Qa5 18. a4 Be8 19. Bd5 e6 20. axb5 exd5 21.
Nxd5 Qxd2 22. Bxd2 Nxd4 23. Rc7 Bxb5 24. Bg5 Re8 25. f3 Ne6 26. Be3 Nxc7 27.
Nxc7 Rac8 28. Nxe8 Rxe8 29. Rc1 f5 30. Bd2 fxe4 31. fxe4 Rxe4 32. Rc8+ Kf7 33.
Rc7+ Re7 34. Rc2 Bd4+ 35. Kh1 Re2 36. h4 Ke6 37. h5 Kf5 38. h6 Be3 39. g4+ Kxg4
40. Rb2 Rxd2 0-1

[Event "Ct. Girona indiv. Absolut"]
[Site "Sant Gregori/Girona/Blanes"]
[Date "2014.10.12"]
[Round "2"]
[White "Vidal Palou, J."]
[Black "Salagran Ferragut, G."]
[Result "0-1"]
[WhiteElo "1934"]
[BlackElo "2168"]
[PlyCount "38"]
[EventDate "2014.??.??"]
[EventType "swiss"]
[EventRounds "9"]
[EventCountry "ESP"]

1. d4 Nf6 2. Bf4 c5 3. c3 d5 4. e3 Nc6 5. Bd3 Qb6 6. Qc1 Nh5 7. Bg3 Nxg3 8.
hxg3 g6 9. Nd2 Bg7 10. f4 cxd4 11. exd4 Nxd4 12. cxd4 Bxd4 13. Nb3 Bxg1 14. Qd2
Bg4 15. Rxg1 Qxg1+ 16. Bf1 O-O 17. Nd4 Rfe8 18. f5 e5 19. fxg6 exd4+ 0-1

[Event "Ct. Girona indiv. Absolut"]
[Site "Sant Gregori/Girona/Blanes"]
[Date "2014.10.12"]
[Round "2"]
[White "Vilanova Guardiola, JM."]
[Black "Vidal Zamora, A."]
[Result "0-1"]
[WhiteElo "1982"]
[BlackElo "2391"]
[PlyCount "58"]
[EventDate "2014.??.??"]
[EventType "swiss"]
[EventRounds "9"]
[EventCountry "ESP"]

1. d4 Nf6 2. c4 e6 3. Nc3 Bb4 4. Qc2 b6 5. a3 Bxc3+ 6. Qxc3 Bb7 7. Bg5 h6 8.
Bh4 d6 9. f3 Nbd7 10. Bf2 e5 11. e4 O-O 12. Bd3 exd4 13. Bxd4 Ne5 14. Bc2 Qe7
15. Ne2 c5 16. Be3 Ba6 17. b3 b5 18. cxb5 Bxb5 19. Ng3 Rac8 20. a4 Ba6 21. Rd1
Rfd8 22. Nf5 Qe6 23. h3 d5 24. f4 d4 25. Qa5 Nd3+ 26. Bxd3 Bxd3 27. Kf2 dxe3+
28. Nxe3 Nxe4+ 29. Kf3 Qxb3 0-1

[Event "Ct. Girona indiv. Absolut"]
[Site "Sant Gregori/Girona/Blanes"]
[Date "2014.10.12"]
[Round "2"]
[White "Vilar Lopez, M."]
[Black "Alabert Vidal, M."]
[Result "1-0"]
[WhiteElo "2220"]
[BlackElo "1964"]
[PlyCount "58"]
[EventDate "2014.??.??"]
[EventType "swiss"]
[EventRounds "9"]
[EventCountry "ESP"]

1. e4 e5 2. Nf3 Nc6 3. Bc4 Nf6 4. O-O Bc5 5. c3 O-O 6. d4 exd4 7. cxd4 Be7 8.
d5 Na5 9. Bd3 b6 10. Nc3 d6 11. h3 c5 12. b3 a6 13. Bb2 Nd7 14. Qc2 Ne5 15.
Nxe5 dxe5 16. Ne2 Bd6 17. f4 Qc7 18. Qc3 Re8 19. Rac1 Bd7 20. Ng3 Bb5 21. Bxb5
axb5 22. Nf5 f6 23. Nxd6 Qxd6 24. fxe5 fxe5 25. Rf5 c4 26. Qg3 Qg6 27. Rg5 Qf7
28. Rf1 Qe7 29. Bxe5 Ra7 1-0

[Event "Ct. Girona indiv. Absolut"]
[Site "Sant Gregori/Girona/Blanes"]
[Date "2014.10.19"]
[Round "3"]
[White "Aymerich Verdaguer, E."]
[Black "Caballero Maytin, J."]
[Result "1-0"]
[WhiteElo "2242"]
[BlackElo "2148"]
[PlyCount "105"]
[EventDate "2014.??.??"]
[EventType "swiss"]
[EventRounds "9"]
[EventCountry "ESP"]

1. d4 Nf6 2. c4 g6 3. Nc3 d5 4. Nf3 Bg7 5. Bf4 O-O 6. e3 c5 7. dxc5 Qa5 8. Qa4
Qxc5 9. Be2 Bd7 10. Qb3 dxc4 11. Qxc4 Qxc4 12. Bxc4 Rc8 13. Ne5 e6 14. Rd1 Bc6
15. O-O Nh5 16. h4 Nxf4 17. exf4 Bxe5 18. fxe5 Nd7 19. Rfe1 Nb6 20. Bb3 Rd8 21.
f4 Kg7 22. Kf2 h5 23. g3 Rac8 24. Ke3 Kf8 25. Ne4 Bxe4 26. Kxe4 Ke7 27. Rxd8
Rxd8 28. Rc1 Rc8 29. Rxc8 Nxc8 30. Kd4 Nb6 31. a4 Nd7 32. Bd1 f5 33. a5 b6 34.
Kc4 Kd8 35. Kb5 Kc7 36. axb6+ axb6 37. Bb3 Nf8 38. Bc4 Kb7 39. b4 Kc7 40. Ka6
Kc6 41. Bb5+ Kc7 42. Ba4 Nh7 43. Be8 Nf8 44. b5 Kd8 45. Bf7 Kc7 46. Ka7 Nd7 47.
Bxe6 Nc5 48. Bf7 Ne4 49. e6 Nd6 50. Ka6 Nc8 51. Bxg6 Ne7 52. Bxh5 Kd6 53. Bf7
1-0

[Event "Ct. Girona indiv. Absolut"]
[Site "Sant Gregori/Girona/Blanes"]
[Date "2014.10.19"]
[Round "3"]
[White "Badosa Romanyo, A."]
[Black "Pasto Benham, F."]
[Result "1-0"]
[WhiteElo "2000"]
[BlackElo "1878"]
[PlyCount "71"]
[EventDate "2014.??.??"]
[EventType "swiss"]
[EventRounds "9"]
[EventCountry "ESP"]

1. d4 Nf6 2. c4 g6 3. Nc3 Bg7 4. e4 d6 5. Nf3 O-O 6. Be2 c6 7. O-O Re8 8. Bg5
Qb6 9. Rb1 e5 10. dxe5 dxe5 11. Qd6 Nbd7 12. Rfd1 Re6 13. Qd2 Nc5 14. Be3 Nfxe4
15. Nxe4 Nxe4 16. Qd8+ Qxd8 17. Rxd8+ Bf8 18. Bh6 Bd7 19. Rxa8 Re8 20. Rxe8
Bxe8 21. Bxf8 Kxf8 22. h4 f6 23. Rd1 Ke7 24. Nd2 Nd6 25. f3 Bf7 26. b3 Nf5 27.
Kf2 h5 28. g3 Nd4 29. Ne4 b6 30. g4 Be6 31. gxh5 gxh5 32. Ng3 a5 33. Nxh5 Kf7
34. Ng3 Kg6 35. f4 Nxe2 36. Nxe2 1-0

[Event "Ct. Girona indiv. Absolut"]
[Site "Sant Gregori/Girona/Blanes"]
[Date "2014.10.19"]
[Round "3"]
[White "De Rodriguez Fernandez, B."]
[Black "Vilanova Guardiola, JM."]
[Result "1-0"]
[WhiteElo "1874"]
[BlackElo "1982"]
[PlyCount "90"]
[EventDate "2014.??.??"]
[EventType "swiss"]
[EventRounds "9"]
[EventCountry "ESP"]

1. d4 d5 2. c4 c6 3. Nc3 Nf6 4. Nf3 e6 5. Bg5 Be7 6. e3 Nbd7 7. Bd3 O-O 8. Qc2
Re8 9. O-O Nf8 10. cxd5 exd5 11. Rab1 Ng6 12. b4 a6 13. a4 Ne4 14. Bxe7 Qxe7
15. b5 axb5 16. axb5 Nxc3 17. Qxc3 Bd7 18. bxc6 Bxc6 19. Bxg6 hxg6 20. Ne5 Ba4
21. Qb4 Qxb4 22. Rxb4 b5 23. Nd3 Rec8 24. Nc5 Rc7 25. Ra1 Rac8 26. h3 Rxc5 27.
dxc5 Rxc5 28. Kf1 Kf8 29. Rbb1 Ke7 30. Rc1 Kd6 31. Rxc5 Kxc5 32. Ke2 d4 33.
exd4+ Kxd4 34. Kd2 Bb3 35. Ra8 g5 36. Rd8+ Bd5 37. g3 b4 38. Kc2 b3+ 39. Kb2 g6
40. Rb8 Ke4 41. Rb4+ Kf3 42. Rg4 Kxf2 43. Rxg5 Be6 44. h4 Kf3 45. Kc3 Kf2 1-0

[Event "Ct. Girona indiv. Absolut"]
[Site "Sant Gregori/Girona/Blanes"]
[Date "2014.10.19"]
[Round "3"]
[White "Diaz Muñoz, S."]
[Black "Zamora Alarcon, J."]
[Result "1-0"]
[WhiteElo "2172"]
[BlackElo "1987"]
[PlyCount "31"]
[EventDate "2014.??.??"]
[EventType "swiss"]
[EventRounds "9"]
[EventCountry "ESP"]

1. e4 e5 2. Nf3 Nc6 3. d4 exd4 4. Nxd4 Bc5 5. Nxc6 Qf6 6. Qf3 Qxf3 7. gxf3 bxc6
8. Bc4 Ne7 9. Nc3 Bb4 10. Bd2 Bb7 11. O-O-O d5 12. Bb3 d4 13. Na4 Bd6 14. f4 f6
15. Rhg1 g6 16. f3 1-0

[Event "Ct. Girona indiv. Absolut"]
[Site "Sant Gregori/Girona/Blanes"]
[Date "2014.10.19"]
[Round "3"]
[White "Foix Breto, A."]
[Black "Kripanov, A."]
[Result "1-0"]
[WhiteElo "1887"]
[BlackElo "1992"]
[PlyCount "47"]
[EventDate "2014.??.??"]
[EventType "swiss"]
[EventRounds "9"]
[EventCountry "ESP"]

1. e4 e5 2. Nf3 Nc6 3. Bb5 a6 4. Ba4 Nf6 5. O-O Be7 6. Re1 b5 7. Bb3 O-O 8. c3
d5 9. d4 dxe4 10. Nxe5 Na5 11. Bc2 c5 12. Be3 Qc7 13. Nd2 Bd6 14. Nxe4 cxd4 15.
Nxd6 dxe3 16. Rxe3 Rd8 17. Rd3 Be6 18. b3 Bd5 19. Rxd5 Nxd5 20. Ndxf7 Nxc3 21.
Qh5 g6 22. Bxg6 Ne2+ 23. Kf1 hxg6 24. Qh8# 1-0

[Event "Ct. Girona indiv. Absolut"]
[Site "Sant Gregori/Girona/Blanes"]
[Date "2014.10.19"]
[Round "3"]
[White "Granados Aguilera, C."]
[Black "Vilar Lopez, M."]
[Result "1/2-1/2"]
[WhiteElo "2038"]
[BlackElo "2220"]
[PlyCount "41"]
[EventDate "2014.??.??"]
[EventType "swiss"]
[EventRounds "9"]
[EventCountry "ESP"]

1. e4 e6 2. d4 d5 3. Nd2 c5 4. exd5 Qxd5 5. Ngf3 Nf6 6. Bc4 Qd6 7. O-O Be7 8.
Re1 O-O 9. Nb3 Qc7 10. dxc5 b6 11. Bg5 Nbd7 12. Qe2 Nxc5 13. Nxc5 Qxc5 14. Be3
Qc7 15. Nd4 Bc5 16. Nb5 Qc6 17. Bxc5 Qxc5 18. Rad1 Bb7 19. Nd6 Bd5 20. Bxd5
Nxd5 21. Ne4 1/2-1/2